| 000 | 00850nam a2200241 a 4500 | ||
|---|---|---|---|
| 001 | 000032333 | ||
| 003 | DO-SdBNP | ||
| 005 | 20250529113300.0 | ||
| 007 | ta | ||
| 008 | 110714s1953 dr 000 0 spa d | ||
| 040 |
_aDO-SdBNP _bspa _cBNPHU |
||
| 082 |
_a305.5 _bM516c |
||
| 100 | 1 |
_a Mejía-Ricart G., Marcio, _d1933- _q(Mejía-Ricart Guzmán), | _98411 |
|
| 245 | 1 | 4 |
_aLas clases sociales en Santo Domingo / _cMarcio Antonio Mejía Ricart ; prólogo Enrique Patín Veloz. |
| 260 |
_aCiudad Trujillo, República Dominicana : _bLibrería Dominicana, _c1953. |
||
| 300 |
_a57 p. ; _c22 cm. |
||
| 590 | _aInventariado, 2022/ YL | ||
| 650 | 0 |
_aClases sociales _zRepública Dominicana _91062 |
|
| 650 | 4 |
_aEstructura social _zRepública Dominicana _982237 |
|
| 700 | 1 |
_aPatín Veloz, Enrique _epról. _93425 |
|
| 910 | _aYLockward | ||
| 942 |
_2ddc _cLBS1 |
||
| 999 |
_c31824 _d31824 |
||